| 000 | 01124nam a2200229Ia 4500 | ||
|---|---|---|---|
| 999 |
_c38333 _d38333 |
||
| 001 | 4343 | ||
| 003 | GE_BSU | ||
| 005 | 20191007123804.0 | ||
| 008 | 181216s1964||||ge |||||||||||||| ||geo|| | ||
| 040 | _cGE_BSU | ||
| 041 | _ageo | ||
| 080 | _a392(479.22)+688.721(479.22)(09) ს–32 | ||
| 245 |
_aსაქართველოს ეთნოგრაფია : _bდედოფალები / _cტექსტის ავტ. ნ. ღოღობერიძე. |
||
| 264 |
_aთბ.: _bსაბჭ. საქართველო, _c1964. |
||
| 300 |
_a22 გვ. ; _b29 სმ. |
||
| 500 | _aტექსტი პარალ. ქართ. და რუს. ენ. | ||
| 653 | _aქართველების ეთნოგრაფია; | ||
| 653 | _aდედოფალები; | ||
| 700 |
_aღოღობერიძე, ნ. _eავტორი _94576 |
||
| 710 |
_aივ. ჯავახიშვილის სახ. ისტორიის ინ-ტი, ს. ჯანაშიას სახ. საქ. სახელმწ. მუზეუმი. _94085 |
||
| 942 |
_cBK _2udc |
||